Predictably irrational : the hidden forces that shape our decisions (Record no. 278755)
[ view plain ]
| 000 -LEADER | |
|---|---|
| fixed length control field | 00484nam a2200169Ia 4500 |
| 005 - DATE AND TIME OF LATEST TRANSACTION | |
| control field | 20241113102627.0 |
| 008 - FIXED-LENGTH DATA ELEMENTS--GENERAL INFORMATION | |
| fixed length control field | 240126s9999 xx 000 0 und d |
| 020 ## - INTERNATIONAL STANDARD BOOK NUMBER | |
| International Standard Book Number | 9780007368549 |
| 082 ## - DEWEY DECIMAL CLASSIFICATION NUMBER | |
| Classification number | 153.83 ARI;1 |
| 100 ## - MAIN ENTRY--PERSONAL NAME | |
| Personal name | Ariely, Dan. |
| 245 #0 - TITLE STATEMENT | |
| Title | Predictably irrational : the hidden forces that shape our decisions |
| 260 ## - PUBLICATION, DISTRIBUTION, ETC. (IMPRINT) | |
| Name of publisher, distributor, etc. | Harper |
| Place of publication, distribution, etc. | London |
| Date of publication, distribution, etc. | 2008 |
| 300 ## - PHYSICAL DESCRIPTION | |
| Extent | xxii, 280 |
| 440 ## - SERIES STATEMENT/ADDED ENTRY--TITLE | |
| Title | NULL |
| 650 ## - SUBJECT ADDED ENTRY--TOPICAL TERM | |
| Topical term or geographic name as entry element | Predictably,irrational,hidden,forces,shape,decisions |
| 942 ## - ADDED ENTRY ELEMENTS (KOHA) | |
| Koha item type | PESU Books |
| Date last seen | Total Checkouts | Total Renewals | Full call number | Accession number | Old discount | Volume/Issue Number | Date checked out | Cost, replacement price | Price effective from | Category | Lost status | Damaged status | Department | Withdrawn status | bill no. | Permanent Location | Current Location | Shelving location | Entry date | Vendor | Cost, normal purchase price | Grants | Currency symbol | Conversion rate | Discount | Discount type |
|---|---|---|---|---|---|---|---|---|---|---|---|---|---|---|---|---|---|---|---|---|---|---|---|---|---|---|
| 03/10/2024 | 1 | 2 | 153.83 ARI;1 | PU5210 | 25 | (30/06/1905) | 19/08/2024 | 299.25 | 26/01/2024 | PESU Books | MBA | 83668 | Central Library | RFID Kiosk | MBA | 11/08/2016 | Book Paradise | 399.00 | MBA | RS | 1 | 99.75 | Rupees |
